[Event "Rueil Malmaison-Club 608"]
[Site "Rueil Malmaison"]
[Date "2007.10.21"]
[Round "1.3"]
[White "Pira, Davoud"]
[Black "Sohier, Julien"]
[Result "1/2-1/2"]
[WhiteElo "2405"]
[BlackElo "2259"]
[PlyCount "116"]
[EventDate "2007.10.21"]
[SourceDate "2007.10.24"]

1. d4 d5 2. c4 dxc4 3. e3 e5 4. Bxc4 exd4 5. exd4 Nf6 6. Nc3 Be7 7. Nf3 O-O 8.
h3 Nbd7 9. O-O Nb6 10. Bb3 c6 11. Re1 Re8 12. Bg5 Nfd5 13. Qd3 Be6 14. Bxe7
Qxe7 15. Nxd5 Nxd5 16. Bxd5 cxd5 17. Rac1 f6 18. Qb5 Qd7 19. Qxd7 Bxd7 20. Rc7
Bc6 21. Re3 Re4 22. Kf1 Rae8 23. Ke2 Kf8 24. g3 Rxe3+ 25. fxe3 Re7 26. Rc8+ Re8
27. Rxe8+ Kxe8 28. Nd2 Ke7 29. Nb1 Bd7 30. h4 Kd6 31. Kf3 h6 32. Nc3 b6 33. Nd1
Bf5 34. Kf4 Bd3 35. Nc3 g6 36. Kg4 Bf5+ 37. Kf3 Bd3 38. Kf4 Ke6 39. Kf3 Kf5 40.
a3 g5 41. g4+ Ke6 42. hxg5 hxg5 43. Kg3 Kd6 44. Na2 a5 45. Nc3 Kc6 46. Kf3 f5
47. Kg3 Kd6 48. gxf5 Bxf5 49. Kf3 Kc6 50. b3 Kd6 51. b4 axb4 52. axb4 Kc6 53.
Kg3 Kd6 54. b5 Bd7 55. Kf3 Bf5 56. Na4 Kc7 57. Kg3 Bd7 58. Nc3 Kd6 1/2-1/2

[Event "Rueil Malmaison-Club 608"]
[Site "Rueil Malmaison"]
[Date "2007.10.21"]
[Round "1.4"]
[White "Baillon, Olivier"]
[Black "Sowray, Peter"]
[Result "1/2-1/2"]
[WhiteElo "2254"]
[BlackElo "2346"]
[PlyCount "83"]
[EventDate "2007.10.21"]
[SourceDate "2007.10.24"]

1. e4 c5 2. Nf3 a6 3. c3 e6 4. d4 d5 5. e5 Bd7 6. Bd3 Bb5 7. Bxb5+ axb5 8. dxc5
Bxc5 9. Qe2 b4 10. Qb5+ Nd7 11. cxb4 Qb6 12. Qxb6 Bxb6 13. O-O Ne7 14. Re1 Nc6
15. Bd2 O-O 16. b5 Na5 17. Na3 Rfc8 18. b4 Nc4 19. Nxc4 Rxc4 20. a4 g5 21. h3
h5 22. a5 Bd8 23. Rac1 Rac8 24. Rxc4 Rxc4 25. Ra1 g4 26. a6 Bb6 27. axb7 gxf3
28. Ra8+ Kg7 29. b8=Q Nxb8 30. Rxb8 Bxf2+ 31. Kxf2 Rc2 32. b6 Rxd2+ 33. Kxf3
Rb2 34. g4 Rb3+ 35. Kf4 Rxb4+ 36. Kg5 hxg4 37. hxg4 Rc4 38. b7 Rb4 39. Kh5 d4
40. Kg5 d3 41. Rd8 Rxb7 42. Rxd3 1/2-1/2

[Event "Rueil Malmaison-Club 608"]
[Site "Rueil Malmaison"]
[Date "2007.10.21"]
[Round "1.5"]
[White "Camus de Solliers, Guillaume"]
[Black "De Marchi, Olivier"]
[Result "1/2-1/2"]
[WhiteElo "2316"]
[BlackElo "2214"]
[PlyCount "97"]
[EventDate "2007.10.21"]
[SourceDate "2007.10.24"]

1. d4 g6 2. c4 Bg7 3. Nc3 d6 4. Nf3 Nf6 5. g3 O-O 6. Bg2 c6 7. O-O Qb6 8. b3 e5
9. e4 exd4 10. Na4 Qa5 11. Nxd4 Nxe4 12. Bxe4 Qe5 13. Qc2 d5 14. Bf3 Qxd4 15.
Bb2 Bf5 16. Bxd4 Bxc2 17. Bxg7 Kxg7 18. cxd5 cxd5 19. Bxd5 Nc6 20. Nc5 Rad8 21.
Bg2 b6 22. Nb7 Rc8 23. Nd6 Rcd8 24. Nxf7 Rxf7 25. Bxc6 Rd2 26. f4 Rc7 27. Bf3
Bf5 28. g4 Be6 29. Rae1 Kf7 30. Rf2 Rcc2 31. Ree2 Rc1+ 32. Kg2 Rdd1 33. Kg3 h6
34. f5 gxf5 35. gxf5 Bd7 36. Kf4 Kf6 37. Be4 Rc5 38. Rd2 Rxd2 39. Rxd2 Bxf5 40.
Rd6+ Ke7 41. Rxh6 Bxe4 42. Kxe4 Rc2 43. a4 Rc3 44. Kd5 Rxb3 45. Rh7+ Kd8 46.
Kd6 Rd3+ 47. Kc6 Rc3+ 48. Kd6 Rd3+ 49. Kc6 1/2-1/2

[Event "Rueil Malmaison-Club 608"]
[Site "Rueil Malmaison"]
[Date "2007.10.21"]
[Round "1.6"]
[White "Stoenescu, Radu"]
[Black "Lucas, Jean Christian"]
[Result "1/2-1/2"]
[WhiteElo "2154"]
[BlackElo "2119"]
[PlyCount "72"]
[EventDate "2007.10.21"]
[SourceDate "2007.10.24"]

1. e4 c5 2. Nf3 Nc6 3. d4 cxd4 4. Nxd4 e5 5. Nb5 a6 6. Nd6+ Bxd6 7. Qxd6 Qf6 8.
Qd1 Qg6 9. Nc3 d5 10. Nxd5 Qxe4+ 11. Ne3 Nf6 12. Bd3 Qd4 13. c3 Qd8 14. O-O O-O
15. Bc4 Qc7 16. Nd5 Nxd5 17. Bxd5 Ne7 18. Bb3 b5 19. a4 Bb7 20. Qg4 Rad8 21.
Bg5 Rd6 22. h4 h6 23. Bxe7 Qxe7 24. axb5 axb5 25. Rfd1 Rfd8 26. Rxd6 Rxd6 27.
Rd1 Kf8 28. Rxd6 Qxd6 29. Qf5 Qe7 30. Qh7 Qf6 31. Qh8+ Ke7 32. Qb8 Bc6 33. Qc7+
Bd7 34. Bd5 Qxh4 35. Qxe5+ Kf8 36. Qb8+ Ke7 1/2-1/2

[Event "Rueil Malmaison-Club 608"]
[Site "Rueil Malmaison"]
[Date "2007.10.21"]
[Round "1.7"]
[White "Kirszenberg, Marc"]
[Black "Mendeiros, Jerome"]
[Result "1/2-1/2"]
[WhiteElo "2210"]
[BlackElo "2126"]
[PlyCount "53"]
[EventDate "2007.10.21"]
[SourceDate "2007.10.24"]

1. d4 Nf6 2. c4 g6 3. Nc3 d5 4. Nf3 Bg7 5. Bg5 Ne4 6. cxd5 Nxg5 7. Nxg5 e6 8.
Qd2 h6 9. Nf3 exd5 10. e3 Bf5 11. Be2 O-O 12. O-O c6 13. b4 a6 14. Na4 Nd7 15.
Nc5 b5 16. a4 Nxc5 17. bxc5 Qc7 18. axb5 axb5 19. Qc3 Qb7 20. Nd2 Rfe8 21. Nb3
Bd7 22. Bd3 Bf6 23. Rfb1 Kh7 24. g3 h5 25. h4 Qc7 26. Rxa8 Rxa8 27. Ra1 1/2-1/2

[Event "Rueil Malmaison-Club 608"]
[Site "Rueil Malmaison"]
[Date "2007.10.21"]
[Round "1.8"]
[White "Mousset Evtouchenko, Nina"]
[Black "Wilson, Alexandra"]
[Result "1-0"]
[WhiteElo "1843"]
[BlackElo "2061"]
[PlyCount "85"]
[EventDate "2007.10.21"]
[SourceDate "2007.10.24"]

1. d4 Nf6 2. Nc3 d5 3. Bg5 Nbd7 4. e3 g6 5. Bd3 Bg7 6. Nf3 c5 7. O-O O-O 8. Re1
Qb6 9. Bb5 e6 10. Bxd7 Bxd7 11. Ne5 Bc6 12. Nxc6 Qxc6 13. Qe2 cxd4 14. exd4
Rac8 15. Rad1 b5 16. a3 Rb8 17. Qf3 Nd7 18. Be7 Rfe8 19. Bh4 b4 20. axb4 Rxb4
21. Nxd5 Ne5 22. Nf6+ Bxf6 23. Qxc6 Nxc6 24. Bxf6 Rc8 25. d5 exd5 26. Rxd5 Rf4
27. Bc3 Nb4 28. Rd2 Rfc4 29. Red1 Nc6 30. Rd7 a5 31. Kf1 a4 32. Ra1 h5 33. Ke2
h4 34. f3 h3 35. g4 Re8+ 36. Kf2 Ne5 37. Rd4 Rc6 38. Raxa4 f5 39. gxf5 Rf6 40.
Rh4 g5 41. Rxh3 Rxf5 42. Rg3 Ng6 43. Rag4 1-0

[Event "Le Touquet-Henin Beaumont"]
[Site "Le Touquet"]
[Date "2007.10.21"]
[Round "1.1"]
[White "Jonkman, Harmen"]
[Black "Petitcunot, Pierre"]
[Result "1/2-1/2"]
[WhiteElo "2421"]
[BlackElo "2383"]
[PlyCount "64"]
[EventDate "2007.10.21"]
[SourceDate "2007.10.24"]

1. d4 g6 2. e4 Bg7 3. Nc3 c6 4. h3 d5 5. Nf3 Nf6 6. Bd3 dxe4 7. Nxe4 Nxe4 8.
Bxe4 Nd7 9. O-O Nf6 10. Bd3 Qd6 11. Qe2 O-O 12. Re1 Re8 13. Bc4 b5 14. Bb3 Nd5
15. a4 a6 16. Ng5 Bf5 17. Qf3 e5 18. g4 e4 19. Nxe4 Qe6 20. gxf5 gxf5 21. Nf6+
Qxf6 22. Rd1 Qe6 23. c3 Qe4 24. Kg2 Kh8 25. Qxe4 fxe4 26. Re1 f5 27. axb5 axb5
28. Ba2 Bf6 29. Kf1 Bh4 30. Bxd5 cxd5 31. Bf4 Kg7 32. Ke2 Kf7 1/2-1/2

[Event "Le Touquet-Henin Beaumont"]
[Site "Le Touquet"]
[Date "2007.10.21"]
[Round "1.2"]
[White "Fossier, Francois"]
[Black "Therkildsen, Thomas"]
[Result "0-1"]
[WhiteElo "2260"]
[BlackElo "2298"]
[PlyCount "68"]
[EventDate "2007.10.21"]
[SourceDate "2007.10.24"]

1. d4 Nf6 2. Nf3 e6 3. e3 b6 4. Bd3 Bb7 5. O-O Be7 6. c4 O-O 7. Nc3 d5 8. cxd5
exd5 9. b3 Nbd7 10. Bb2 Re8 11. Qc2 a6 12. Ne5 Bd6 13. f4 Nf8 14. Rae1 c5 15.
dxc5 Bxc5 16. Na4 Bb4 17. Rd1 Rc8 18. Qb1 b5 19. a3 Bd6 20. Nc3 Qb6 21. Kh1
Bxe5 22. fxe5 Ng4 23. Bf5 Nxe3 24. Bxc8 Rxc8 25. Ne2 Nxd1 26. Qxd1 Qc7 27. Nf4
Qc2 28. Qd4 Qf5 29. Kg1 Ne6 30. Nxd5 Nxd4 31. Ne7+ Kf8 32. Nxf5 Ne2+ 33. Kh1
Rc2 34. Nd6 Ng3+ 0-1

[Event "Le Touquet-Henin Beaumont"]
[Site "Le Touquet"]
[Date "2007.10.21"]
[Round "1.3"]
[White "Maitesian, Sergei"]
[Black "Friess, Nicolas"]
[Result "1-0"]
[WhiteElo "2283"]
[BlackElo "2199"]
[PlyCount "46"]
[EventDate "2007.10.21"]
[SourceDate "2007.10.24"]

1. e4 Nc6 2. Nf3 Nf6 3. e5 Ng4 4. d4 d6 5. h3 Nh6 6. Nbd2 a6 7. Be2 Bf5 8. c3
d5 9. Nf1 e6 10. Bf4 Be4 11. Ng3 Nf5 12. Nxe4 dxe4 13. Nd2 e3 14. Bxe3 Nxe3 15.
fxe3 Qh4+ 16. Kf1 Qg5 17. Kf2 f6 18. Nf3 Qh6 19. Qb3 O-O-O 20. Qxe6+ Kb8 21.
exf6 Bd6 22. e4 Rde8 23. Qd5 Rhf8 1-0

[Event "Le Touquet-Henin Beaumont"]
[Site "Le Touquet"]
[Date "2007.10.21"]
[Round "1.4"]
[White "Wallart, Adrien"]
[Black "Flament, Frederic"]
[Result "1-0"]
[WhiteElo "2162"]
[BlackElo "2153"]
[PlyCount "71"]
[EventDate "2007.10.21"]
[SourceDate "2007.10.24"]

1. d4 Nf6 2. c4 e6 3. Nf3 b6 4. a3 Ba6 5. Qc2 c5 6. d5 exd5 7. cxd5 Be7 8. Nc3
d6 9. Nd2 O-O 10. e4 Bb7 11. Be2 a6 12. a4 Ne8 13. Nc4 Nd7 14. Bf4 f5 15. exf5
b5 16. Ne3 b4 17. Nb1 Nb6 18. a5 Nc8 19. Nd2 Bf6 20. Ndc4 Nc7 21. Qd3 Nb5 22.
O-O Ne7 23. Bf3 h6 24. Bg3 Ra7 25. Rfe1 Qc7 26. Ng4 Bg5 27. h4 Bf6 28. Re6 Bc8
29. Nxd6 Bxe6 30. Nxb5 Bxf5 31. Bxc7 axb5 32. Nxf6+ Rxf6 33. Qxb5 Rxc7 34. d6
Bd7 35. Qc4+ Be6 36. dxe7 1-0

[Event "Le Touquet-Henin Beaumont"]
[Site "Le Touquet"]
[Date "2007.10.21"]
[Round "1.5"]
[White "Kieffer, Christian"]
[Black "Van Rompu, Alexandre"]
[Result "1-0"]
[WhiteElo "2161"]
[BlackElo "2126"]
[PlyCount "123"]
[EventDate "2007.10.21"]
[SourceDate "2007.10.24"]

1. e4 c5 2. Nf3 a6 3. g3 Nc6 4. Bg2 Nf6 5. Qe2 d6 6. c3 Qc7 7. O-O Bg4 8. d3 g6
9. Nbd2 Bg7 10. h3 Bd7 11. d4 cxd4 12. cxd4 Nb4 13. a4 Nc2 14. Ra2 Be6 15. d5
Bd7 16. b3 Nb4 17. Rb2 O-O 18. Rb1 Rac8 19. Ba3 Na2 20. Rb2 Nc1 21. Qd1 Nd3 22.
Rb1 b5 23. Ne1 Qc3 24. Nxd3 Qxd3 25. axb5 Rc2 26. Nc4 Qxd1 27. Rfxd1 Bxb5 28.
e5 dxe5 29. Bxe7 Re8 30. d6 Nd7 31. Ne3 Re2 32. Nd5 Rc8 33. Bf1 Rec2 34. Nb4
R2c3 35. Nxa6 Bxf1 36. Kxf1 R3c6 37. Nc7 Bf8 38. Rbc1 Rxc1 39. Rxc1 f5 40. Bxf8
Nxf8 41. b4 Kf7 42. b5 Nd7 43. Rc6 Rb8 44. Ke2 g5 45. Ra6 Rb7 46. f3 Nb8 47.
Ra8 Rb6 48. Ke3 h5 49. g4 fxg4 50. fxg4 hxg4 51. hxg4 Nd7 52. Ra6 Rb8 53. Ke4
Rxb5 54. Nxb5 Nc5+ 55. Kxe5 Nxa6 56. Kf5 Nc5 57. Kxg5 Kg7 58. Kf5 Nd7 59. g5
Kf7 60. Nd4 Nf8 61. Nc6 Ke8 62. Ne5 1-0

[Event "Le Touquet-Henin Beaumont"]
[Site "Le Touquet"]
[Date "2007.10.21"]
[Round "1.6"]
[White "Rouze, Xavier"]
[Black "Dehesdin, Wilfried"]
[Result "1-0"]
[WhiteElo "2050"]
[BlackElo "2110"]
[PlyCount "81"]
[EventDate "2007.10.21"]
[SourceDate "2007.10.24"]

1. d4 Nf6 2. c4 Nc6 3. Nf3 e6 4. Nc3 Bb4 5. e3 O-O 6. Bd3 d6 7. Qc2 e5 8. d5
Ne7 9. e4 Bxc3+ 10. Qxc3 b6 11. O-O a5 12. a3 a4 13. Bc2 Nd7 14. Be3 Nc5 15.
Nd2 f5 16. f4 exf4 17. Bd4 fxe4 18. Bxg7 Rf7 19. Bh6 Ng6 20. g3 Bh3 21. Rfe1 f3
22. Be3 Bf5 23. Bxc5 bxc5 24. Nxe4 Bxe4 25. Rxe4 Qd7 26. Rf1 Ne5 27. Rh4 Raf8
28. Qe3 Rg7 29. Qh6 Qe7 30. Re4 Rf6 31. Qh5 Rff7 32. Bxa4 Qf6 33. Bd1 Rg5 34.
Qh3 Qg6 35. Bc2 f2+ 36. Rxf2 Rxf2 37. Kxf2 Ng4+ 38. Kg1 Nf6 39. Qc8+ Kf7 40.
Qxc7+ Kf8 41. Qd8+ 1-0

[Event "Le Touquet-Henin Beaumont"]
[Site "Le Touquet"]
[Date "2007.10.21"]
[Round "1.7"]
[White "Dehouck, Dimitri"]
[Black "Broutin, Philippe"]
[Result "1/2-1/2"]
[WhiteElo "1957"]
[BlackElo "2068"]
[PlyCount "64"]
[EventDate "2007.10.21"]
[SourceDate "2007.10.24"]

1. e4 d5 2. exd5 Qxd5 3. Nc3 Qd6 4. Nf3 Nf6 5. Bc4 a6 6. d4 Bg4 7. Qd3 Nc6 8.
Ne4 Nxe4 9. Qxe4 f5 10. Qd5 Qxd5 11. Bxd5 Bxf3 12. Bxf3 Nxd4 13. Bd1 e5 14. c3
Nc6 15. Bb3 Rd8 16. O-O h6 17. Re1 Ke7 18. Be3 Kf6 19. Rad1 Rxd1 20. Rxd1 Bd6
21. f3 b6 22. Bxb6 Rb8 23. Be3 Na5 24. Rd5 Nxb3 25. axb3 Rxb3 26. Bc1 Rb5 27.
Rd1 Ke6 28. Kf2 Rd5 29. Bd2 Bc5+ 30. Ke2 g5 31. Ra1 Rd6 32. b4 Ba7 1/2-1/2

[Event "Le Touquet-Henin Beaumont"]
[Site "Le Touquet"]
[Date "2007.10.21"]
[Round "1.8"]
[White "Belafkih, Kimia"]
[Black "Flament, Mamit"]
[Result "1-0"]
[WhiteElo "1480"]
[BlackElo "1499"]
[PlyCount "33"]
[EventDate "2007.10.21"]
[SourceDate "2007.10.24"]

1. e4 e5 2. Nf3 Nc6 3. Bc4 Bc5 4. O-O d6 5. c3 Nf6 6. Re1 Qe7 7. d4 exd4 8.
cxd4 Bb4 9. Bd2 a5 10. Bxb4 axb4 11. Nbd2 h6 12. h3 Bd7 13. Qc2 O-O-O 14. a3
bxa3 15. Rxa3 b6 16. Qa4 Nxd4 17. Qa8# 1-0

[Event "Issy les Moulineaux-Arcueil"]
[Site "Issy les Moulineaux"]
[Date "2007.10.21"]
[Round "1.1"]
[White "Roser, Kevin"]
[Black "Marchand, Francois"]
[Result "1-0"]
[WhiteElo "2400"]
[BlackElo "2216"]
[PlyCount "149"]
[EventDate "2007.10.21"]
[SourceDate "2007.10.24"]

1. e4 c6 2. d4 d5 3. Nd2 dxe4 4. Nxe4 Bf5 5. Ng3 Bg6 6. h4 h6 7. Nf3 Nd7 8. h5
Bh7 9. Bd3 Bxd3 10. Qxd3 e6 11. Bd2 Ngf6 12. O-O-O Be7 13. Qe2 O-O 14. Kb1 Qb6
15. Ne5 Rad8 16. Nc4 Qb5 17. Na5 Qb6 18. Nb3 Qc7 19. c4 Rfe8 20. Ne4 Nxe4 21.
Qxe4 e5 22. Rhe1 exd4 23. Bf4 Qc8 24. Qf3 c5 25. Na5 Nf6 26. Nxb7 Rd7 27. Na5
Qa6 28. Bd2 Rc8 29. Rc1 Bd8 30. Nb3 Qc6 31. Qxc6 Rxc6 32. Re5 Be7 33. Rce1 Bd6
34. Rf5 Re7 35. Kc2 Rxe1 36. Bxe1 Kf8 37. f3 Ke7 38. Bh4 Ke6 39. g4 Nd7 40. Na5
Ra6 41. Nb7 f6 42. Nxd6 Kxd6 43. Bg3+ Ke6 44. a3 Ke7 45. Rd5 Rc6 46. Kd3 Rb6
47. b4 Rc6 48. bxc5 Nxc5+ 49. Kxd4 Ne6+ 50. Kc3 Ng5 51. Rd3 Rb6 52. c5 Rb1 53.
Bf4 Ne6 54. Be3 a5 55. Kc4 Nd8 56. Kd5 Kd7 57. Ke4+ Ke7 58. Kf5 Nc6 59. f4 Re1
60. Ke4 a4 61. Kd5 Kd7 62. Kc4+ Kc7 63. Kb5 Rb1+ 64. Kxa4 Rb8 65. Bd2 Re8 66.
Re3 Rd8 67. Bc3 Rd1 68. g5 Rf1 69. Re4 f5 70. Rc4 hxg5 71. fxg5 Rg1 72. h6 gxh6
73. gxh6 Rh1 74. Bg7 Kd7 75. Rf4 1-0

[Event "Issy les Moulineaux-Arcueil"]
[Site "Issy les Moulineaux"]
[Date "2007.10.21"]
[Round "1.2"]
[White "Mircescu, Ovidiu"]
[Black "Houhou, Olivier"]
[Result "1-0"]
[WhiteElo "2132"]
[BlackElo "2319"]
[PlyCount "63"]
[EventDate "2007.10.21"]
[SourceDate "2007.10.24"]

1. e4 c5 2. Nf3 e6 3. d4 cxd4 4. Nxd4 a6 5. Bd3 Qc7 6. O-O Nf6 7. Kh1 Bc5 8.
Nb3 Be7 9. f4 d6 10. c4 Nbd7 11. Nc3 O-O 12. Be3 Re8 13. g4 g6 14. Be2 Nf8 15.
f5 exf5 16. exf5 b6 17. Qd4 Bb7+ 18. Kg1 N8d7 19. g5 Ne4 20. fxg6 hxg6 21. Nd5
Bxd5 22. Qxd5 Ndf6 23. gxf6 Nxf6 24. Qd3 Nd7 25. Bd4 Ne5 26. Qh3 Bf8 27. Bf3
Rac8 28. Bd5 Re7 29. Bxe5 dxe5 30. Rf6 Bg7 31. Rxg6 Kf8 32. Rc6 1-0

[Event "Issy les Moulineaux-Arcueil"]
[Site "Issy les Moulineaux"]
[Date "2007.10.21"]
[Round "1.3"]
[White "Wittmann, Marc"]
[Black "Couche, Jean Francois"]
[Result "1-0"]
[WhiteElo "2255"]
[BlackElo "2107"]
[PlyCount "57"]
[EventDate "2007.10.21"]
[SourceDate "2007.10.24"]

1. e4 c5 2. Nf3 Nc6 3. d4 cxd4 4. Nxd4 e5 5. Nb5 d6 6. N1c3 a6 7. Na3 b5 8. Nd5
Nge7 9. c4 Nd4 10. cxb5 Nxd5 11. exd5 Bd7 12. Be3 Nxb5 13. Bxb5 axb5 14. O-O
Be7 15. Nc2 Bg5 16. f4 exf4 17. Bxf4 O-O 18. Kh1 Bxf4 19. Rxf4 Qg5 20. Qf3 Ra4
21. Nb4 Rc8 22. a3 f6 23. Re1 Rc5 24. Rfe4 Ra8 25. Re7 Bg4 26. Qe4 Bf5 27. Re8+
Kf7 28. Qe7+ Kg6 29. Rxa8 1-0

[Event "Issy les Moulineaux-Arcueil"]
[Site "Issy les Moulineaux"]
[Date "2007.10.21"]
[Round "1.4"]
[White "Daubas, Christophe"]
[Black "Geffroy, Laurent"]
[Result "0-1"]
[WhiteElo "2027"]
[BlackElo "2241"]
[PlyCount "82"]
[EventDate "2007.10.21"]
[SourceDate "2007.10.24"]

1. d4 Nf6 2. c4 e6 3. g3 d5 4. Bg2 Be7 5. Nf3 O-O 6. O-O dxc4 7. Ne5 Nc6 8.
Nxc6 bxc6 9. Na3 Bxa3 10. bxa3 Nd5 11. Qc2 Ba6 12. Rd1 Qe7 13. e4 Nb6 14. Bd2
Qxa3 15. Bc1 Qa4 16. Qxa4 Nxa4 17. Be3 Rfd8 18. Rdc1 Bb5 19. Rab1 Rab8 20. Bf1
c3 21. Rb4 a5 22. Rb3 Bxf1 23. Kxf1 Rb4 24. Ke2 f5 25. exf5 exf5 26. Rcb1 Rdb8
27. Rxb4 axb4 28. Kd3 Nb2+ 29. Kc2 Nc4 30. Bc1 Rb5 31. Kd3 Nb6 32. Rb3 Nd5 33.
a3 bxa3 34. Rxa3 Kf7 35. Ra7 Ke6 36. h4 c5 37. Ra8 cxd4 38. Kxd4 Rb1 39. Ra6+
Nb6 40. Bf4 c2 41. Ra5 Rb4+ 0-1

[Event "Issy les Moulineaux-Arcueil"]
[Site "Issy les Moulineaux"]
[Date "2007.10.21"]
[Round "1.5"]
[White "Demarre, Jacques"]
[Black "Zeller, Olivier"]
[Result "1-0"]
[WhiteElo "2192"]
[BlackElo "2006"]
[PlyCount "65"]
[EventDate "2007.10.21"]
[SourceDate "2007.10.24"]

1. d4 Nf6 2. Nf3 g6 3. c4 Bg7 4. g3 O-O 5. Bg2 d6 6. O-O Nbd7 7. Qc2 c5 8. Nc3
a6 9. h3 cxd4 10. Nxd4 Qc7 11. b3 e5 12. Nf3 d5 13. Ba3 Re8 14. Ng5 Nb6 15. c5
d4 16. Nce4 Nxe4 17. Bxe4 Qe7 18. Qc1 Bf8 19. cxb6 Qc5 20. Bd5 Qxc1 21. Bxf7+
Kg7 22. Rfxc1 Re7 23. Bd5 h6 24. Ne4 Bxh3 25. Rc7 Rxc7 26. bxc7 Ra7 27. Rc1 Bc8
28. Nc5 Bxc5 29. Rxc5 Kf6 30. Be4 g5 31. g4 Ke7 32. Bf5 Ra8 33. Rxe5+ {
suite illisible} 1-0

[Event "Issy les Moulineaux-Arcueil"]
[Site "Issy les Moulineaux"]
[Date "2007.10.21"]
[Round "1.6"]
[White "Cheron, Stephane"]
[Black "Aveline, Philippe"]
[Result "1-0"]
[WhiteElo "1999"]
[BlackElo "2180"]
[PlyCount "83"]
[EventDate "2007.10.21"]
[SourceDate "2007.10.24"]

1. e4 d5 2. exd5 Nf6 3. Nc3 Nxd5 4. Qf3 c6 5. Bc4 e6 6. Nge2 Nd7 7. d4 Qf6 8.
Qxf6 N7xf6 9. a4 Nb4 10. Bb3 b6 11. Bg5 Bb7 12. O-O-O Be7 13. f3 h6 14. Bh4 O-O
15. Ne4 g5 16. Nxf6+ Bxf6 17. Bf2 Rfd8 18. h4 Ba6 19. Nc3 Nd5 20. Ne4 Be7 21.
hxg5 hxg5 22. c4 Nf4 23. g3 Ng6 24. Rh5 Kg7 25. Rdh1 Rh8 26. Rxh8 Nxh8 27. Be3
f6 28. c5 Be2 29. Bd1 Bxd1 30. Rxd1 Nf7 31. b4 a5 32. b5 cxb5 33. axb5 Rc8 34.
c6 f5 35. Nc3 Bb4 36. Na4 Nd6 37. Nxb6 Rb8 38. d5 Nxb5 39. dxe6 Ba3+ 40. Kc2
Bd6 41. Rd5 Na3+ 42. Kb3 1-0

[Event "Issy les Moulineaux-Arcueil"]
[Site "Issy les Moulineaux"]
[Date "2007.10.21"]
[Round "1.7"]
[White "Ricbour, Jeremy"]
[Black "Carbonnet, Christophe"]
[Result "1-0"]
[WhiteElo "2161"]
[BlackElo "1827"]
[PlyCount "57"]
[EventDate "2007.10.21"]
[SourceDate "2007.10.24"]

1. e4 e6 2. d4 d5 3. Nd2 Nf6 4. e5 Nfd7 5. Bd3 c5 6. c3 Nc6 7. Ndf3 cxd4 8.
cxd4 f6 9. exf6 Nxf6 10. Ne2 Bd6 11. O-O O-O 12. Bg5 Qc7 13. Ng3 Ng4 14. Rc1 g6
15. Be2 Qg7 16. Rc3 h6 17. Bc1 Nf6 18. Bd3 g5 19. Bb1 Bd7 20. a3 Rae8 21. Re1
Ng4 22. Re2 Kh8 23. b4 a6 24. Bb2 Re7 25. Qe1 h5 26. Nxh5 Qh6 27. Ne5 Bxe5 28.
dxe5 Qxh5 29. Rh3 1-0

[Event "Issy les Moulineaux-Arcueil"]
[Site "Issy les Moulineaux"]
[Date "2007.10.21"]
[Round "1.8"]
[White "Venkatesan, Valerie"]
[Black "Zoeller, Laure"]
[Result "0-1"]
[WhiteElo "1299"]
[BlackElo "2010"]
[PlyCount "40"]
[EventDate "2007.10.21"]
[SourceDate "2007.10.24"]

1. e4 e5 2. d4 exd4 3. Qxd4 Nc6 4. Qe3 d6 5. Nc3 Nf6 6. Bd2 Be7 7. O-O-O O-O 8.
f4 d5 9. Be1 d4 10. Qf2 Bc5 11. h3 dxc3 12. Qh4 cxb2+ 13. Kxb2 Qxd1 14. c3 Nxe4
15. Be2 Qa4 16. Bd3 Ba3+ 17. Ka1 Qd1+ 18. Bb1 Qc1 19. Qxh7+ Kxh7 20. Ne2 Qb2#
0-1

[Event "Issy les Moulineaux-Le Vesinet"]
[Site "Le Vesinet"]
[Date "2007.11.24"]
[Round "2.1"]
[White "Roser, Kevin"]
[Black "Deslandes, Pascal"]
[Result "0-1"]
[WhiteElo "2400"]
[BlackElo "2316"]
[PlyCount "186"]
[EventDate "2007.11.24"]
[SourceDate "2007.10.24"]

1. e4 e6 2. d4 d5 3. Nc3 Bb4 4. e5 c5 5. a3 Bxc3+ 6. bxc3 Qc7 7. Nf3 Ne7 8. h4
b6 9. Bb5+ Bd7 10. Bd3 Nbc6 11. Kf1 c4 12. Be2 Nd8 13. h5 h6 14. a4 Nb7 15. Bf4
Bc6 16. Qc1 Qd7 17. Qa3 O-O-O 18. Nh2 Kb8 19. Ng4 Ka8 20. Bf3 Nf5 21. g3 Qe7
22. Qc1 Qd7 23. Qa3 Qe7 24. Qb2 Qc7 25. Kg2 a5 26. Rhe1 Ka7 27. Nh2 Ne7 28. Bg4
Nc8 29. Bd2 Qd7 30. Qa3 Rde8 31. Nf3 Nd8 32. Nh4 Reg8 33. Kh2 Qe7 34. Qb2 Qd7
35. Qa2 Re8 36. Bh3 Ne7 37. Re2 Nc8 38. Ng2 Rhf8 39. Nf4 Rg8 40. Ng2 Rh8 41.
Nh4 Ne7 42. Bc1 Rhg8 43. Ng2 Nc8 44. Bd2 Ne7 45. Ne3 Nc8 46. Ng2 Ne7 47. Qa3
Nc8 48. g4 g6 49. g5 hxg5 50. h6 f6 51. exf6 Nd6 52. f3 N6f7 53. Qc1 Rh8 54.
Bxg5 Nxg5 55. Qxg5 Nf7 56. Qe3 Rxh6 57. Kg3 g5 58. Bg4 Rxf6 59. Rh1 Qd6+ 60.
Kf2 e5 61. dxe5 Rxe5 62. Qd4 Rxe2+ 63. Kxe2 Qe5+ 64. Ne3 Qxd4 65. cxd4 Nh6 66.
Rh5 Nxg4 67. fxg4 Rg6 68. Rh7+ Kb8 69. Kd2 Rd6 70. Rg7 Bxa4 71. Rxg5 Bc6 72.
Rf5 Kc7 73. g5 b5 74. g6 Rxg6 75. Nxd5+ Bxd5 76. Rxd5 Kc6 77. Rh5 Rg2+ 78. Kc3
b4+ 79. Kb2 Kb6 80. Rc5 c3+ 81. Kb3 Rd2 82. Rd5 Rd1 83. Rd6+ Kc7 84. Rd5 Rb1+
85. Kc4 a4 86. Ra5 a3 87. Kd3 Rb2 88. Ra7+ Kb6 89. Ra8 a2 90. d5 b3 91. d6 Kc6
92. cxb3 c2 93. Kd2 Rb1 0-1

[Event "Issy les Moulineaux-Le Vesinet"]
[Site "Le Vesinet"]
[Date "2007.11.24"]
[Round "2.2"]
[White "Bogdanov, Emil"]
[Black "Piankov, Evgieny"]
[Result "1/2-1/2"]
[WhiteElo "2258"]
[BlackElo "2346"]
[PlyCount "109"]
[EventDate "2007.11.24"]
[SourceDate "2007.10.24"]

1. e4 g6 2. d4 Bg7 3. Nc3 c6 4. Nf3 d5 5. h3 Nh6 6. Bf4 O-O 7. Qd2 dxe4 8. Nxe4
Nf5 9. c3 Nd6 10. Ng3 Nd7 11. Bd3 c5 12. h4 cxd4 13. cxd4 Re8 14. h5 e5 15.
dxe5 Nxe5 16. Nxe5 Bxe5 17. O-O Nf5 18. hxg6 hxg6 19. Rfe1 Bxf4 20. Rxe8+ Qxe8
21. Qxf4 Nxg3 22. Qxg3 Be6 23. Re1 Qb8 24. Qg5 Qd8 25. Qg3 Qf6 26. b3 Rd8 27.
Qe3 b6 28. Rc1 Kg7 29. Bc4 Bxc4 30. Rxc4 Rd1+ 31. Kh2 Qd6+ 32. Qg3 Qf6 33. a4
Rd2 34. Rf4 Qb2 35. Qf3 Qe5 36. g3 Rd7 37. Rc4 Rc7 38. Rxc7 Qxc7 39. Qd5 Kf6
40. Kg2 Qe5 41. Qc4 Qd6 42. Kf3 Qd1+ 43. Ke3 Qe1+ 44. Kf3 Qe5 45. Qc6+ Kg7 46.
Qc4 g5 47. Qe4 Qd6 48. Kg4 Kh6 49. Qh1+ Kg7 50. Qe4 f6 51. Qb7+ Kh6 52. Qh1+
Kg6 53. Qe4+ Kg7 54. Qb7+ Kg6 55. Qe4+ 1/2-1/2

[Event "Issy les Moulineaux-Le Vesinet"]
[Site "Le Vesinet"]
[Date "2007.11.24"]
[Round "2.3"]
[White "Wittmann, Marc"]
[Black "Glod, Philippe"]
[Result "1/2-1/2"]
[WhiteElo "2255"]
[BlackElo "2177"]
[PlyCount "40"]
[EventDate "2007.11.24"]
[SourceDate "2007.10.24"]

1. e4 e5 2. Nf3 Nc6 3. Bb5 g6 4. c3 a6 5. Ba4 d6 6. d4 Bd7 7. O-O Bg7 8. Be3
Nf6 9. Nbd2 Qe7 10. Re1 O-O 11. h3 h6 12. d5 Nb8 13. Bc2 Nh5 14. Nf1 Nf4 15.
Qd2 g5 16. Ng3 Qf6 17. Nf5 h5 18. Bxf4 exf4 19. g4 h4 20. N3d4 Bc8 {
suite illisible} 1/2-1/2

[Event "Issy les Moulineaux-Le Vesinet"]
[Site "Le Vesinet"]
[Date "2007.11.24"]
[Round "2.4"]
[White "Castaignet, Laurent"]
[Black "Geffroy, Laurent"]
[Result "1-0"]
[WhiteElo "2130"]
[BlackElo "2241"]
[PlyCount "69"]
[EventDate "2007.11.24"]
[SourceDate "2007.10.24"]

1. e4 e6 2. d4 d5 3. e5 c5 4. c3 Qb6 5. Nf3 Bd7 6. Bd3 cxd4 7. Nxd4 Nc6 8. Nxc6
bxc6 9. O-O c5 10. Nd2 g6 11. Nf3 Bg7 12. Rb1 Ne7 13. b4 Qc7 14. Re1 O-O 15.
Qe2 Rab8 16. Bg5 Nc6 17. a3 a5 18. b5 Nxe5 19. Nxe5 Bxe5 20. Qxe5 Qxe5 21. Rxe5
f6 22. Bxf6 Rxf6 23. c4 Rf4 24. cxd5 Rd4 25. dxe6 Bxe6 26. Bf1 Kf7 27. Rxc5 Ra4
28. Rc3 Rb6 29. g3 h5 30. f4 h4 31. Kf2 hxg3+ 32. hxg3 Kf6 33. Bd3 Rd4 34. Ke3
Rbd6 35. b6 1-0